Rethinking state politics in India: regions within regions (Record no. 7821)

MARC details
000 -LEADER
fixed length control field 00501nam a2200181Ia 4500
020 ## - INTERNATIONAL STANDARD BOOK NUMBER
ISBN 9780415597777
082 ## - DEWEY DECIMAL CLASSIFICATION NUMBER
Classification number 320.954 RET-
245 #0 - TITLE STATEMENT
Title Rethinking state politics in India: regions within regions
260 ## - PUBLICATION, DISTRIBUTION, ETC. (IMPRINT)
Place of publication New Delhi
Name of publisher Routledge
Year of publication 2011
300 ## - PHYSICAL DESCRIPTION
Number of Pages xiv, 501
504 ## - BIBLIOGRAPHY, ETC. NOTE
Bibliography, etc includes index
650 ## - SUBJECT ADDED ENTRY--TOPICAL TERM
Topical Term Law and politics
Geographic subdivision India
650 ## - SUBJECT ADDED ENTRY--TOPICAL TERM
Topical Term India
Form subdivision Politics and Government
650 ## - SUBJECT ADDED ENTRY--TOPICAL TERM
Topical Term Democracy
Geographic subdivision India
650 ## - SUBJECT ADDED ENTRY--TOPICAL TERM
Topical Term Regional Disparities
Geographic subdivision India
700 ## - ADDED ENTRY--PERSONAL NAME
Personal name Kumar, Ashutosh
942 ## - ADDED ENTRY ELEMENTS (KOHA)
Koha item type Books
Holdings
Withdrawn status Lost status Damaged status Not for loan Home library Current library Date acquired Source of acquisition Bill Date Full call number Accession Number Price effective from Koha item type
        NASSDOC Library NASSDOC Library 31/03/2012 PATHAK 2012-03-28 320.954 RET- 47531 18/04/2019 Books